Statistics for [路線図付き] 東京メトロ 日比谷線 駅名穴埋めクイズ

Click here to take the quiz!

General Stats

  • This quiz has been taken 403 times
  • The average score is 17 of 22

Answers on the Map

Answers color-coded by a green-red scale on the quiz's map according to % correct below.
 

Answer Stats

Answer% Correct
日比谷線H22北千住
92%
日比谷線H01中目黒
92%
日比谷線H16秋葉原
91%
日比谷線H02恵比寿
90%
日比谷線H08日比谷
90%
日比谷線H18上野
89%
日比谷線H21南千住
89%
日比谷線H09銀座
87%
日比谷線H04六本木
81%
日比谷線H06虎ノ門ヒルズ
78%
日比谷線H13茅場町
76%
日比谷線H12八丁堀
75%
日比谷線H03広尾
75%
日比谷線H07霞ヶ関
75%
日比谷線H14人形町
74%
日比谷線H17仲御徒町
73%
日比谷線H20三ノ輪
69%
日比谷線H10東銀座
69%
日比谷線H05神谷町
68%
日比谷線H11築地
67%
日比谷線H19入谷
66%
日比谷線H15小伝馬町
62%

Score Distribution

Percentile by Number Answered

Percent of People with Each Score

Your Score History

You have not taken this quiz